| 000 | 00861nam a2200229 a 4500 | ||
|---|---|---|---|
| 001 | BRCA_374 | ||
| 005 | 20190320203000.0 | ||
| 008 | 940602s1993 mx-a---##c---#000-0#spa-# | ||
| 020 | _a9686747001 | ||
| 040 |
_aDLC _cDLC _dDLC |
||
| 050 | 4 |
_aN910.P84 _b.B66 1993 |
|
| 100 | 1 |
_aBonifaz Nuño, Rubén _91253 |
|
| 245 | 1 | 0 |
_aEl Museo Amparo _bcolección prehispánica _cRubén Bonifaz Nuño ; presentación Ángeles Espinosa Yglesias. |
| 260 |
_aPuebla, Puebla _bMuseo Amparo, Fundación Amparo _c1993 |
||
| 300 |
_a163 p. _bil. (algunas a color) _c30 cm. |
||
| 500 | _aIncluye lista de ilustraciones | ||
| 610 | 2 | 4 |
_aMuseo Amparo (Puebla, México) _vCatálogos _xColecciones de arte _91254 |
| 650 | 1 | 4 |
_aArte indígena _vCatálogos _zMéxico _91255 |
| 650 | 1 | 4 |
_aIndígenas de México _xAntigüedades _9509 |
| 700 | 1 |
_aEspinoza Yglesias, Ángeles _91256 |
|
| 942 |
_2lcc _cB |
||
| 999 |
_c310 _d310 |
||